00816 2200193 4500001002100000005001500021035002000036008004100056245003900097100001500136250000600151260003200157300001200189084001400201082000800215650001000223520037700233990001200610INLIS00000000000099720240528110612 a0010-0524000232240528 1 ind 1 aHafalan Shalat Delisa /cTere Liye aLiye, Tere a1 aJakarta :bRepublika,c2011 a270 hlm a813 TER h a813 4aFiksi aKisah ini menceritakan gadis cilik bernama Delisa. Ia merupakan anak bungsu di dalam keluarganya. Adapun kakak-kakak dari Delisa adalah Cut Fatimah, Cut Zahra dan juga Cut Aisyah. Keluarga Delisa berdomisili di Lhok Nga. Delisa dan saudara-saudaranya hanya tinggal bersama Ummi, sebab sang Abi bekerja sebagai mekanik kapal yang berbulan-bulan ikut di kapal yang berlayar. a0743974